Quizzes
Events
Quiz Creation
Community
Videos
Private Events
Remove Ads
Sign In
Join for FREE
Feedback
Dark Mode
Quiz Categories
Sports
Geography
Music
Movies
Television
Just For Fun
Miscellaneous
History
Literature
Language
Science
Gaming
Entertainment
Religion
Holiday
For Kids
Quiz Lab
Recent
Popular Today
Quiz Kudos Today
Editor Picks
Curator Picks
Quizzes by...
Day
Popularity
Type
Ratings
Length
Year
Community
Subscriptions
Recent Discussions
Orange Saloon
Badges
Playlists
Quests
Create
Leaderboards
Showdown
Live 5
Trivia Bingo
Activity
Puzzle Library
Sporcle Events
Private Events
Virtual Trivia
Globe League
Become a Host
Pub Owners
SporcleCon
Opinionation
Our Games
Videos
Blog
Mobile Apps
Partnerships
Remove Ads and Go Orange
Feedback
Television
TV Characters
TV Show
Sitcom
Network
Friends
Reality Shows
Cast
South Park
Star Trek
The Simpsons
Doctor Who
Television
TV Characters
TV Show
Sitcom
Network
Friends
Reality Shows
Cast
South Park
Star Trek
The Simpsons
Doctor Who
Random Quiz
Search Sporcle
×
Quiz Lab
Quiz Lab
Television
Eastenders
Type in answers that appear in a list
Type in answers that appear in a list
Classic
Best Score? Go Orange.
Eastenders Characters 2016 Stats
Can you name the Eastenders Characters of 2016?
By
Scramblez
10m
75 Questions
2,881 Plays
2,881 Plays
2,881 Plays
Comments
Comments
Give Quiz Kudos
Give Quiz Kudos
-
- Ratings
hide this ad
Replay
Link that replays current quiz
Next Quiz
Link to next quiz in quiz playlist
You Got
0%
They Got
Avg Score
73%
Avg Friend Score
Upgrade to see
Score Distribution
Jump to the score distribution portion of the page
Score
0/75
Timer
10:00
0
Plays Today
First Name
% Correct
Ian
93.8%
Jane
92.1%
Kat
91%
Masood
90.6%
Phil
88.7%
Bobby
88.1%
Linda
87.3%
Linda
87.3%
Ben
86.7%
Sharon
85.4%
Kathy
84.6%
Tamwar
84.2%
Kush
83.5%
Jay
83.1%
Ronnie
82.8%
Roxy
82.7%
Steven
82%
Carmel
81.9%
Mick
81.7%
Billy
81.3%
Louise
80.1%
Dennis Jr
79.9%
Kim
79.4%
Peggy
78.8%
Shirley
78.7%
Denise
78.5%
Lee
78.5%
Shakil
78.4%
Stacey
78%
Honey
77.7%
Martin
77.6%
Shabnam
77.5%
Whitney
76.6%
Max
76.5%
Nancy
76.5%
Grant
76%
Johnny
75.8%
Lauren
75.3%
First Name
% Correct
Alfie
75.3%
Patrick
75%
Dot
74.6%
Abi
74.2%
Jack
74%
Tina
73.7%
Vincent
73.2%
Christian
72.3%
Rebecca
71.7%
Paul
71.6%
Dean
70.8%
Sonia
70.3%
Pam
70.3%
Les
70.1%
Mo
70%
Babe
69.2%
Donna
68.9%
Gavin
68.2%
Ryan
66.2%
Sam
65.5%
Jean
65.2%
Michelle
61.9%
Claudette
61.8%
Andrew
61%
Libby
60.8%
Charlie
59.9%
Ollie
58.5%
Jordan
57.6%
Glenda
57.2%
Belinda
56.4%
Andy
55.4%
Courtney
54.8%
Sylvie
54.5%
Mark
54.2%
Danny
52.9%
Derek
52.2%
Kyle
46.6%
Quiz Playlist
Details
Report
Send in Message
Add To Playlist
Classic:
Type in answers that appear in a list
Last Updated: Mar 3, 2017
Quiz Scoreboard
CHALLENGE
Sign Up to Join the Scoreboard
Show All
Scores
Hide
Comments
May contain spoilers
Recently Published
Billboard Blitz: Fleetwood Mac
by CooCooCachoo
Music
15s
Presidents Visiting Landmarks
by Hejman
History
7m
An Introduction to Baseball
by treessimontrees
Sports
5m
More to Explore
Quiz From the Vault
Featured Blog Post
Where Did the Easter Bunny Come From?
hide this ad
You Might Also Like...
Tags
Character
Eastenders
Eastenders Characters
Fictional Characters
Television Stars
Today's Top Quizzes in Television
Browse Television
hide this ad
Today's Top Quizzes in Eastenders
Browse Eastenders
Top Contributed Quizzes in Television
1
5-to-1: The Simpsons Families
2
5-to-1: Television Doctors
3
7-to-1: TV Show Settings
4
One Piece Logic Puzzle
5
5-to-1: Streaming Originals
6
Survivor Seasons
7
Survivor Logic Puzzle: Heroes vs. Villains
8
TV Shows by First Names
9
Survivor Season by Logo
10
One Thing in Common: Television
Explore More
Trending Topics
NBA
Kpop
Disney
Crossword
Harry Potter
Anime
Marvel
The Office
Soccer
WWE
NFL
Country
Song
Pokémon
Puzzle
hide this ad
More By:
Scramblez
Quiz
Plays
Rating
Category
Featured
Created
Eastenders Characters 2016
2,881
2.00
Television
Mar 3, 2017
Eastenders Characters of 2014
1,545
Television
Sep 1, 2014
Pokemon Generation VIII
567
5.00
Gaming
Nov 23, 2019
Word Pairs
413
3.00
Just For Fun
Apr 13, 2014
A-E-I-O-U Pokemon
73
5.00
Gaming
Mar 28, 2023
Go to Creator's Profile
Score Distribution
Quiz Creator Spotlight
Scramblez
Follow
Send a Message
Quizzes Created
-
Created Quiz Play Count
-
More By This Creator
Popular Quizzes Today
1
Find the US States - No Outlines Minefield
2
Find the Countries of Europe - No Outlines Minefield
3
The Countries of the World
4
Find the US States
5
Popular People in 1961
6
US States
7
Risky Map Clicking: Biggest States A-Z
8
Movies - When Are They Set?
More Television Quizzes
Match the Miraculous Superhero and Civilian Identities
Quiz Lab
Trending Quizzes
Risky Map Clicking: Least Populous States A-Z
1-10 Letter G Words
1-10 Letter F Words
Risky Map Clicking: Next State Alphabetically
'A' Boys' Names Grid
Recently Updated
Leaping Animals
pecheneg
Reality TV Shows (A-Z)
bhenderson79
Rickey Henderson's Hall of Fame Teammates
pecheneg
Champions League XIs: Arsenal
pecheneg
Quick Pick: Celebrities in WWE's Hall of Fame
aduchscher
A-Z Keypad Blitz II
pecheneg
Multiple Oscar Actors
pecheneg
Mystery Phrase Blitz: Oscar 'Best Actors'
pecheneg
F. Scott Fitzgerald Novels
LTH
Pick 3 Villains
ddd62291
Trending Topics
NBA
Harry Potter
Kpop
Disney
Crossword
Anime
Marvel
Song
NFL
WWE
Pokémon
Country
Puzzle
The Office
Soccer
Your Account Isn't Verified!
In order to create a playlist on Sporcle, you need to verify the email address you used during registration. Go to your
Sporcle Settings
to finish the process.
Report this User
Report this user for behavior that violates our
Community Guidelines
.
Details:
Send Report
Go to the Sporcle.com Mobile Site →
Comments